Trace element content of fertilizers (Record no. 21009)
[ view plain ]
| 000 -LEADER | |
|---|---|
| fixed length control field | 00311nam a2200121Ia 4500 |
| 082 ## - DEWEY DECIMAL CLASSIFICATION NUMBER | |
| Classification number | 631.416.9:631.8 |
| Item number | SWA |
| 100 ## - MAIN ENTRY--AUTHOR NAME | |
| Personal name | SWAINE, D J |
| 245 #0 - TITLE STATEMENT | |
| Title | Trace element content of fertilizers |
| 260 ## - PUBLICATION, DISTRIBUTION, ETC. (IMPRINT) | |
| Place of publication | England |
| Name of publisher | CAB |
| Year of publication | 1962 |
| 650 ## - SUBJECT ADDED ENTRY--TOPICAL TERM | |
| Topical Term | Trace elements |
| 942 ## - ADDED ENTRY ELEMENTS (KOHA) | |
| Koha item type | Books |
| Withdrawn status | Lost status | Damaged status | Not for loan | Home library | Current library | Date acquired | Full call number | Accession Number | Koha item type |
|---|---|---|---|---|---|---|---|---|---|
| RRII Library | RRII Library | 16/12/2021 | 631.416.9:631.8 SWA | 01731 | Books |